000 00366nam a2200157Ia 4500
003 OSt
005 20240220103743.0
008 170524s9999 xx 000 0 und d
020 _a978-0070062726
040 _cIIMT UNIVERSITY MEERUT
100 _aBernson- Alex
245 0 _aData Warehousing Data Mining OLAP
260 _bTMH
260 _c2007
942 _2ddc
_c02
999 _c5013
_d5013